LEADER 00960nam0-22003011i-450- 001 990003177040403321 035 $a000317704 035 $aFED01000317704 035 $a(Aleph)000317704FED01 035 $a000317704 100 $a20000920d1954----km-y0itay50------ba 101 0 $aENG 102 $aIT 200 1 $aRealms of Value$ea Critique of Human Civilization$fRalph Barton Perry. 210 $aCambridge$dMass.$cHarvard University Press$d1954. 215 $axii, 497 p.$d24 cm 300 $a"The present volume consists of an expansion and revision of the Gifford lectures on natural religion, delivered at the University of Glasgow in 1946-47 and 1947-48." 610 0 $aValore 676 $a13140 702 1$aPerry,$bRalph Barton 801 0$aIT$bUNINA$gRICA$2UNIMARC 901 $aBK 912 $a990003177040403321 952 $a13140 PER$b09456$fSES 959 $aSES 996 $aRealms of Value$9452896 997 $aUNINA DB $aING01 LEADER 01157nam--2200361---450 001 990000638110203316 005 20240611130657.0 035 $a0063811 035 $aUSA010063811 035 $a(ALEPH)000063811USA01 035 $a0063811 100 $a20010925d1974----km-y0itay0103----ba 101 $aeng 102 $aDE 105 $a||||||||001yy 200 1 $aMonotone matrix functions and analytic continuation 210 $aBerlin$cSpringer-Verlag$d1974 215 $a182 p.$d24 cm 225 2 $a<> Grundlehren der Mathematischen Wissenschaften$v207 410 0$1001000316845$12001$a<> Grundlehren der Mathematischen Wissenschaften$v207 676 $a515. 700 1$aDONOGHUE,$bWilliam F. jr.$046376 801 0$aIT$bsalbc$gISBD 912 $a990000638110203316 951 $a510 GLM 207 A$b3493 CBS$c510$d00108823 951 $a510 GLM 207 B$b1508 CBS$c510$d00108824 959 $aBK 969 $aSCI 979 $aPATTY$b90$c20010925$lUSA01$h1025 979 $c20020403$lUSA01$h1713 979 $aPATRY$b90$c20040406$lUSA01$h1644 996 $aMonotone matrix functions and analytic continuation$9344450 997 $aUNISA